| 000 | 00844cam a2200193 4500 | ||
|---|---|---|---|
| 001 | WB3730-26 | ||
| 008 | 010801n2001 000 0 eng u | ||
| 035 | _a(Sirsi) u113876 | ||
| 245 | _aByers speeds up planning | ||
| 260 | _c2001 | ||
| 490 |
_aEstates Gazette _v(0130) 28 July 2001, 30 |
||
| 490 |
_aCBI News _v 26 July 2001, 1(2) |
||
| 520 | _aGovernment has begun the reform of the planning system with the launch of measures to accelerate decisions on major infrastructure projects such as Heathrow's Terminal 5. The CBI has put forward its 10-point reform plan of the planning system to government asking that government will guarantee to implement the changes. | ||
| 590 | _aWB | ||
| 650 | _aPLANNING PROCEDURE | ||
| 650 | _aPLANNING REFORM | ||
| 690 | _aENVIRONMENTAL AND LAND CONSULTANCY-PLANNING AND DEVELOPMENT | ||
| 942 | _n0 | ||
| 999 |
_c67850 _d67850 |
||